<?xml version="1.0" encoding="UTF-8"?><?xml-stylesheet type="text/xsl" href="static/style.xsl"?><OAI-PMH xmlns="http://www.openarchives.org/OAI/2.0/" xmlns:xsi="http://www.w3.org/2001/XMLSchema-instance" xsi:schemaLocation="http://www.openarchives.org/OAI/2.0/ http://www.openarchives.org/OAI/2.0/OAI-PMH.xsd"><responseDate>2026-04-27T21:50:18Z</responseDate><request verb="GetRecord" identifier="oai:uvadoc.uva.es:10324/4804" metadataPrefix="marc">https://uvadoc.uva.es/oai/request</request><GetRecord><record><header><identifier>oai:uvadoc.uva.es:10324/4804</identifier><datestamp>2021-06-29T09:48:42Z</datestamp><setSpec>com_10324_38</setSpec><setSpec>col_10324_852</setSpec></header><metadata><record xmlns="http://www.loc.gov/MARC21/slim" xmlns:doc="http://www.lyncode.com/xoai" xmlns:xsi="http://www.w3.org/2001/XMLSchema-instance" xmlns:dcterms="http://purl.org/dc/terms/" xsi:schemaLocation="http://www.loc.gov/MARC21/slim http://www.loc.gov/standards/marcxml/schema/MARC21slim.xsd">
<leader>00925njm 22002777a 4500</leader>
<datafield tag="042" ind1=" " ind2=" ">
<subfield code="a">dc</subfield>
</datafield>
<datafield tag="720" ind1=" " ind2=" ">
<subfield code="a">Colino Marcos, Sandra</subfield>
<subfield code="e">author</subfield>
</datafield>
<datafield tag="260" ind1=" " ind2=" ">
<subfield code="c">2013</subfield>
</datafield>
<datafield tag="520" ind1=" " ind2=" ">
<subfield code="a">El Programa de Aprendizaje-Servicio que se diseña en torno al desarrollo de la competencia social y ciudadana, adquiere gran relevancia para que el alumnado de 2º Ciclo de Educación Infantil participe en la sociedad de forma responsable y justa. El diseño de programación, siguiendo la metodología de Aprendizaje-Servicio, pretende contribuir al desarrollo de competencias básicas y la inclusión social del alumnado en situación de riesgo y exclusión social. Para ello, la propuesta que se presenta se fundamenta en la adquisición de la competencia social y ciudadana, a través de tareas para la resolución de conflictos, presentando como personas destinatarias al alumnado en segundo ciclo de educación infantil.</subfield>
</datafield>
<datafield tag="520" ind1=" " ind2=" ">
<subfield code="a">The Learning – Service’s program, that is designed around the development of&#xd;
the social and civil competence, acquires great relevancy in order that students in the&#xd;
second cycle of Infant Education take part in the society using responsible and just form.&#xd;
The design of programming, following the methodology of Learning - Service, tries to&#xd;
contribute to the development of basic competences and the social incorporation of&#xd;
students in situation of risk and social exclusion. For it, the offer that we present is based on the acquisition of the social and civil competence, across tasks for the resolution of conflicts, presenting as persons addressees to the student in the second cycle of Infant Education.</subfield>
</datafield>
<datafield tag="024" ind2=" " ind1="8">
<subfield code="a">http://uvadoc.uva.es/handle/10324/4804</subfield>
</datafield>
<datafield ind1=" " ind2=" " tag="653">
<subfield code="a">Valores sociales</subfield>
</datafield>
<datafield ind1=" " ind2=" " tag="653">
<subfield code="a">Educación cívica- Estudio y enseñanza (Infantil)</subfield>
</datafield>
<datafield tag="245" ind1="0" ind2="0">
<subfield code="a">Diseño de un programa de Aprendizaje-Servicio para el desarrollo de la competencia social y ciudadana con alumnado en riesgo y exclusión social (2º Ciclo de Educación Infantil)</subfield>
</datafield>
</record></metadata></record></GetRecord></OAI-PMH>